The First 20 Cube Numbers - Statistics

General Stats
  • This quiz has been taken 164 times
  • The average score is 16 of 20
Answer Stats
x3 % Correct
1
100%
8
100%
27
99%
64
97%
125
96%
216
94%
343
91%
1000
90%
729
90%
512
87%
1331
82%
1728
78%
8000
75%
2197
72%
3375
72%
2744
70%
4096
67%
4913
63%
6859
61%
5832
59%
No matching quizzes found
Score Distribution
Percent of People with Each Score
Percentile by Number Answered
Your Score History
You have not taken this quiz